[Event "HUN-chT2 Barcza 1718"]
[Site "Hungary"]
[Date "2018.02.18"]
[Round "8.6"]
[White "Ecsedi, Sandor"]
[Black "Szilvasi, Marcell"]
[Result "0-1"]
[WhiteElo "1998"]
[BlackElo "1912"]
[PlyCount "104"]
[EventDate "2017.09.24"]
[EventType "team-tourn"]
[EventRounds "11"]
[EventCountry "HUN"]
[SourceTitle "EXT 2021"]
[Source "ChessBase"]
[SourceDate "2020.10.23"]
[SourceVersion "1"]
[SourceVersionDate "2020.10.23"]
[SourceQuality "1"]
[WhiteTeam "Hajduszoboszlo"]
[BlackTeam "Kazincbarcika"]
[WhiteTeamCountry "HUN"]
[BlackTeamCountry "HUN"]

1. e4 c5 2. Nc3 Nc6 3. g3 g6 4. Bg2 Bg7 5. d3 e6 6. Be3 b6 7. Qd2 Nge7 8. Bh6 0-0 9. h4 f5 10. h5 Rf7 11. hxg6 hxg6 12. Nf3 Qf8 13. 0-0-0 a6 14. Rh2 Bxh6 15. Rxh6 Rh7 16. Rxh7 Kxh7 17. Rh1+ Kg8 18. Qg5 Rb8 19. Rh6 Qg7 20. Nh4 Ne5 21. Nxg6 N7xg6 22. Qd8+ Qf8 23. Qg5 Qg7 24. Qd8+ Kf7 25. Rh1 Nc6 26. Qg5 Nge7 27. Qf4 e5 28. Qe3 Bb7 29. exf5 Nxf5 30. Bd5+ Ke7 31. Qe4 Rf8 32. g4 Nd6 33. Qg2 Rh8 34. Re1 Qg5+ 35. Kb1 Qf4 36. Bf3 Qh2 37. Nd5+ Kd8 38. Rh1 Qxh1+ 39. Qxh1 Rxh1+ 40. Bxh1 Ne7 41. Nxe7 Kxe7 42. Bxb7 Nxb7 43. Kc1 d5 44. a4 Kf6 45. Kd2 Kg5 46. f3 Kf4 47. Ke2 Nd8 48. c3 a5 49. d4 exd4 50. cxd4 c4 51. b3 cxb3 52. Kd3 Ne6 0-1

[Event "HUN-chT2 Barcza 1617"]
[Site "Hungary"]
[Date "2016.11.27"]
[Round "5.4"]
[White "Vodila, Martin Botond"]
[Black "Szilvasi, Marcell"]
[Result "1/2-1/2"]
[WhiteElo "2097"]
[BlackElo "1887"]
[PlyCount "65"]
[EventDate "2016.09.25"]
[EventType "team-tourn"]
[EventRounds "11"]
[EventCountry "HUN"]
[SourceTitle "EXT 2021"]
[Source "ChessBase"]
[SourceDate "2020.10.23"]
[SourceVersion "1"]
[SourceVersionDate "2020.10.23"]
[SourceQuality "1"]
[WhiteTeam "Edeleny"]
[BlackTeam "Kazincbarcika"]
[WhiteTeamCountry "HUN"]
[BlackTeamCountry "HUN"]

1. e4 c5 2. Nf3 Nc6 3. d4 cxd4 4. Nxd4 g6 5. Be3 Bg7 6. c4 Nf6 7. Nc3 0-0 8. f3 Qb6 9. Ncb5 a6 10. Nc2 Qd8 11. Nc3 d6 12. Qd2 Rb8 13. Be2 Bd7 14. h4 Nh5 15. g4 Ng3 16. Rg1 Nxe2 17. Kxe2 Ne5 18. b3 Qa5 19. Nd5 Qxd2+ 20. Bxd2 e6 21. Nde3 Bc6 22. Bb4 f5 23. gxf5 exf5 24. Bxd6 fxe4 25. fxe4 Nf3 26. Bxb8 Nxg1+ 27. Rxg1 Rxb8 28. Nd5 Re8 29. Kd3 Re5 30. Rg5 Bd7 31. Nce3 Kf7 32. b4 h6 33. Rg1 1/2-1/2

[Event "HUN-chT2 Barcza 1314"]
[Site "Hungary"]
[Date "2013.09.08"]
[Round "1"]
[White "Kiripolszky, Tamas"]
[Black "Szilvasi, Marcell"]
[Result "1-0"]
[WhiteElo "1888"]
[BlackElo "1875"]
[PlyCount "65"]
[EventDate "2013.09.08"]
[EventType "team-tourn"]
[EventRounds "11"]
[EventCountry "HUN"]
[SourceTitle "EXT 2016"]
[Source "ChessBase"]
[SourceDate "2015.10.08"]
[SourceVersion "1"]
[SourceVersionDate "2015.10.08"]
[SourceQuality "1"]
[WhiteTeam "Hajduszoboszlo"]
[BlackTeam "Miskolc KisBocsok"]
[WhiteTeamCountry "HUN"]
[BlackTeamCountry "HUN"]

1. e4 c5 2. d4 cxd4 3. c3 dxc3 4. Nxc3 g6 5. Nf3 Bg7 6. Bc4 d6 7. 0-0 Nc6 8. h3 Nf6 9. Qe2 0-0 10. Rd1 Nd7 11. a3 a6 12. Be3 b5 13. Ba2 b4 14. axb4 Nxb4 15. Bb3 a5 16. Bd4 Ba6 17. Qe3 Bxd4 18. Rxd4 Nc5 19. Bd1 Ncd3 20. e5 Nxb2 21. Qh6 f6 22. Bb3+ d5 23. Nxd5 Bc4 24. Nxf6+ exf6 25. Rxd8 Raxd8 26. Bxc4+ Nxc4 27. exf6 Rxf6 28. Qh4 Rxf3 29. gxf3 Rc8 30. Rc1 Nd6 31. Rxc8+ Nxc8 32. Qd8+ Kg7 33. Qxc8 1-0

[Event "HUN-chT2 Barcza 1213"]
[Site "Hungary"]
[Date "2012.11.18"]
[Round "4.5"]
[White "Molnar, Janos"]
[Black "Szilvasi, Marcell"]
[Result "0-1"]
[WhiteElo "2109"]
[BlackElo "1937"]
[PlyCount "42"]
[EventDate "2012.09.16"]
[EventType "team-tourn"]
[EventRounds "11"]
[EventCountry "HUN"]
[SourceTitle "EXT 2014"]
[Source "ChessBase"]
[SourceDate "2013.11.20"]
[SourceVersion "1"]
[SourceVersionDate "2013.11.20"]
[SourceQuality "1"]
[WhiteTeam "Piremon"]
[BlackTeam "Miskolc Kisbocsok"]
[WhiteTeamCountry "HUN"]
[BlackTeamCountry "HUN"]

1. d4 e6 2. c4 b6 3. Nc3 Bb7 4. e4 d5 5. cxd5 exd5 6. exd5 Bxd5 7. Nf3 Nf6 8. Bd3 Be7 9. Nxd5 Qxd5 10. 0-0 0-0 11. Re1 Nc6 12. Bf4 Bb4 13. Re2 Kh8 14. Bxc7 Nxd4 15. Nxd4 Qxd4 16. Be5 Qh4 17. a3 Bc5 18. b4 Bxf2+ 19. Rxf2 Ng4 20. Re2 Nxe5 21. Rxe5 Qd4+ 0-1

[Event "HUN-chT2 Barcza 0910"]
[Site "Hungary"]
[Date "2009.11.22"]
[Round "2.8"]
[White "Kovacs, Laszlo"]
[Black "Szilvasi, Marcell"]
[Result "1/2-1/2"]
[WhiteElo "2106"]
[BlackElo "1913"]
[PlyCount "68"]
[EventDate "2009.11.08"]
[EventType "team-tourn"]
[EventRounds "11"]
[EventCountry "HUN"]
[SourceTitle "EXT 2011"]
[Source "ChessBase"]
[SourceDate "2010.11.26"]
[SourceVersion "1"]
[SourceVersionDate "2010.11.26"]
[SourceQuality "1"]
[WhiteTeam "HSSE"]
[BlackTeam "Miskolc"]
[WhiteTeamCountry "HUN"]
[BlackTeamCountry "HUN"]

1. d4 Nf6 2. c4 e6 3. Nf3 b6 4. g3 Bb7 5. Bg2 c5 6. e3 Qc7 7. b3 d5 8. cxd5 Nxd5 9. 0-0 Be7 10. Bb2 0-0 11. Na3 Nc6 12. Nb5 Qd7 13. dxc5 bxc5 14. e4 Ncb4 15. Nc3 Nb6 16. Qxd7 Nxd7 17. Rfd1 Rfd8 18. a3 Nc6 19. Nb5 Nb6 20. Nd2 a6 21. Nc3 Na5 22. e5 Bxg2 23. Kxg2 Rxd2 24. Rxd2 Nxb3 25. Rc2 Nxa1 26. Bxa1 Rc8 27. Ne4 Rd8 28. Nd6 Bxd6 29. exd6 c4 30. a4 Rxd6 31. a5 Nd7 32. Rxc4 f6 33. Rc8+ Kf7 34. Ra8 e5 1/2-1/2

[Event "HUN-chT U18"]
[Site "Miskolc"]
[Date "2008.10.30"]
[Round "6.23"]
[White "Kondor, Daniel"]
[Black "Szilvasi, Marcell"]
[Result "1/2-1/2"]
[WhiteElo "1703"]
[BlackElo "1930"]
[PlyCount "112"]
[EventDate "2008.10.27"]
[EventType "team-swiss"]
[EventRounds "8"]
[EventCountry "HUN"]
[SourceTitle "EXT 2016"]
[Source "ChessBase"]
[SourceDate "2015.10.08"]
[SourceVersion "1"]
[SourceVersionDate "2015.10.08"]
[SourceQuality "1"]

1. e4 c5 2. Nf3 Nc6 3. Bc4 g6 4. d3 Bg7 5. Nc3 e6 6. a3 Nge7 7. Be3 b6 8. Bg5 h6 9. Bd2 0-0 10. Qc1 Kh7 11. 0-0 a6 12. Ba2 Bb7 13. h3 d5 14. exd5 exd5 15. Nh2 f5 16. Ne2 Qd7 17. Re1 Rae8 18. Nf4 Nd8 19. h4 Nc8 20. Rxe8 Rxe8 21. c3 Ne6 22. Nh3 d4 23. c4 Qe7 24. Qc2 Qxh4 25. Re1 g5 26. Qd1 g4 27. Nf4 g3 28. fxg3 Qxg3 29. Nd5 Be5 30. Qh5 Qxh2+ 31. Qxh2 Bxh2+ 32. Kxh2 Kg7 33. Nf4 Nc7 34. Rxe8 Nxe8 35. b4 Kf6 36. Bb3 Bc6 37. Nh5+ Kg6 38. Nf4+ Kf6 39. Nh5+ Ke5 40. Bf4+ Ke6 41. b5 Bd7 42. a4 Ne7 43. Bxh6 Kf7 44. Bf4 axb5 45. axb5 Kg6 46. Bd1 Nc8 47. Ng3 Nf6 48. Kg1 Ng4 49. Bxg4 fxg4 50. Kf2 Kf6 51. Ne4+ Ke7 52. Kg3 Kd8 53. Nf2 Na7 54. Nxg4 Nxb5 55. cxb5 Bxb5 56. Ne5 Be8 1/2-1/2

[Event "HUN-chT U18"]
[Site "Miskolc"]
[Date "2008.10.29"]
[Round "4.27"]
[White "Samok, Csaba"]
[Black "Szilvasi, Marcell"]
[Result "1/2-1/2"]
[WhiteElo "1682"]
[BlackElo "1930"]
[PlyCount "166"]
[EventDate "2008.10.27"]
[EventType "team-swiss"]
[EventRounds "8"]
[EventCountry "HUN"]
[SourceTitle "EXT 2016"]
[Source "ChessBase"]
[SourceDate "2015.10.08"]
[SourceVersion "1"]
[SourceVersionDate "2015.10.08"]
[SourceQuality "1"]

1. e4 c5 2. Nf3 Nc6 3. Bb5 g6 4. 0-0 Bg7 5. c3 d6 6. d4 cxd4 7. cxd4 a6 8. Qa4 Bd7 9. Bxc6 bxc6 10. Qc2 Nf6 11. Bg5 h6 12. Bxf6 exf6 13. Re1 Qc7 14. Nbd2 0-0 15. Rac1 Rac8 16. Re3 Rfe8 17. Ra3 Ra8 18. Qd3 Qa7 19. Re1 Bf8 20. d5 cxd5 21. exd5 Rxe1+ 22. Nxe1 Bb5 23. Qf3 Re8 24. Re3 Rxe3 25. Qxe3 Qc7 26. Ne4 Qc4 27. h3 f5 28. Nc3 f4 29. Qd2 Qf1+ 30. Kh2 Bd7 31. Qe2 Qxe2 32. Nxe2 Bg7 33. Nc3 Bf5 34. f3 Bxc3 35. bxc3 Bb1 36. a3 g5 37. g3 fxg3+ 38. Kxg3 Ba2 39. Nd3 Bxd5 40. f4 Be4 41. Nf2 Bf5 42. fxg5 hxg5 43. h4 gxh4+ 44. Kxh4 Kg7 45. Kg5 Bc2 46. Ng4 a5 47. Nf6 Ba4 48. Ne4 d5 49. Nf6 Bb3 50. Nh5+ Kf8 51. Kf6 Ke8 52. Ng7+ Kd7 53. Nf5 Ba2 54. Nd4 Kd6 55. Kxf7 Kc5 56. Kf6 Kc4 57. Ke5 Kxc3 58. Ne2+ Kb2 59. Kd4 Kxa3 60. Kc3 Bc4 61. Nd4 Ka4 62. Nc2 Kb5 63. Nd4+ Kb6 64. Nc2 Kc5 65. Nd4 Ba2 66. Ne6+ Kd6 67. Nd4 Bc4 68. Nc2 Ke5 69. Nd4 a4 70. Nc6+ Kd6 71. Nd4 a3 72. Nc2 a2 73. Kb2 Kc5 74. Ne3 d4 75. Nd1 Kd5 76. Ka1 Ke5 77. Nc3 Kf4 78. Nd1 Kf3 79. Nc3 Bb3 80. Nb5 Ke4 81. Nxd4 Kxd4 82. Kb2 Bc4 83. Ka1 Kc3 1/2-1/2